000 00515nam a2200169Ia 4500
008 260520s2025 xx 000 0 und d
020 _a978-93-6186-203-8
041 _amar
082 _a910.03/SON
100 _aसोनवणे, सिद्धार्थ
245 _aमानवी व आर्थिक भूगोल
250 _a1st ed
260 _aधुळे
_bअथर्व पब्लिकेशन्स
_c2025
300 _a128p.
500 _aCat No: 15154
650 _aGEOGRAPHY
999 _c1221880
_d1221880